Geography by Letter on the Map of Europe - B - Statistics

General Stats
  • This quiz has been taken 15,566 times
    12,204 since last reset
  • The average score is 14 of 20
Answers on the Map
Answers color-coded by a green-red scale on the quiz's map according to % correct below.
 
Answer Stats
Answer % Correct
Belarus
96%
Belgium
96%
Baltic Sea
95%
Bosnia and Herzegovina
94%
Black Sea
91%
Balkan
90%
Bavaria
84%
Bucharest
83%
Bratislava
73%
Brittany
73%
Bay of Biscay
71%
Balearic Islands
68%
Bergen
68%
Bologna
66%
Basque
65%
Ben Nevis
47%
Brno
40%
Brandenburg
39%
Gulf of Bothnia
37%
Balaton Lake
29%
No matching quizzes found
Score Distribution
Percent of People with Each Score
Percentile by Number Answered
Your Score History
You have not taken this quiz since the last reset